Nazwy naukowe - Statystyki

Ogólne statystyki
  • Ten quiz został rozwiązany 97 razy
  • Średni wynik to 7 z 20
Statystyki odpowiedzi
Nazwa naukowa Podpowiedź Powszechna nazwa % Poprawnych
Homo sapiens Zwierzę Człowiek
100%
Panthera leo Zwierzę Lew
77%
SARS-CoV-2 Choroba Koronawirus
76%
Canis lupus familiaris Zwierzę Pies
55%
Sodium chloride Substancja Sól kuchenna
54%
Polaris Ciało niebieskie Gwiazda Polarna
51%
Aurora borealis Zjawisko Zorza polarna
42%
L-ascorbic Acid Substancja Witamina C
36%
Equus ferus caballus Zwierzę Koń
29%
Aves Gromada zwierząt Ptaki
29%
Ursus maritimus Zwierzę Niedźwiedź polarny
26%
Pan troglodytes Zwierzę Szympans
26%
Leukocyte Część ciała Biała krwinka
14%
Equus quagga Zwierzę Zebra
11%
Corvus Rodzaj zwierząt Kruk / wrona
10%
Mandible Część ciała Żuchwa
8%
Vitis vinifera Roślina o jadalnych owocach Winorośl właściwa
7%
Clavicle Część ciała Obojczyk
5%
Bovine spongiform encephalopathy Choroba Choroba wściekłych krów
4%
Patella Część ciała Rzepka
3%
Nie znaleziono quizów pasujących do podanych kryteriów
Rozkład punktacji
Procent ludzi z każdym wynikiem
Percentyl według liczby udzielonych odpowiedzi
Twoja historia wyników
Nie rozwiązałeś tego quizu